| 000 | 00906nam a2200241 a 4500 | ||
|---|---|---|---|
| 001 | 49446 | ||
| 003 | BD-RjUL | ||
| 005 | 20250423144515.0 | ||
| 008 | 160821s1929 ii | |||| ||eng|d | ||
| 035 | _a(BD-RjUL)49565 | ||
| 038 | _aCStRLIN | ||
| 040 |
_aBD-RjUL _cNN _beng _dBD-RjUL |
||
| 041 | _aeng | ||
| 082 |
_223 _a891.491 _bASA 1929 |
||
| 245 | 0 | 0 |
_aAsamiya sahityar chaneki : _bor typical selections from Assamese literature / _cedited by Hemchandra Goswami. |
| 246 | _aঅসমীয়া সাহিত্যৰ চানেকি | ||
| 260 |
_aCalcutta : _bUniversity of Calcutta, _c1929,1924 |
||
| 300 |
_aV ; _c25 cm. |
||
| 505 | 0 | _aVol.1. First three periods-- V. 2, Pt.1 .Vaisnava period --V. 2, Pt.4 . Period of expansion --V 3, Pt.1. Modern period --V.3 Vaisnava period Pt.2-- | |
| 650 | 0 |
_aAssamese literature. _9148405 |
|
| 700 | 1 |
_aGoswāmī, Hemacandra, _915312 |
|
| 942 |
_2ddc _cBK |
||
| 999 |
_c49446 _d49446 |
||